| 000 | 00883nas a2200277 4500 | ||
|---|---|---|---|
| 001 | BR9803415 | ||
| 003 | BR-BrBNA | ||
| 005 | 20231205100818.0 | ||
| 007 | ta | ||
| 008 | 230509b bl.|||p| |||| 00| 00por d | ||
| 040 |
_aBR-BrBNA _bpor _cBiblioteca Nacional de Agricultura |
||
| 041 | _a(Pt) | ||
| 072 | _aK50 | ||
| 100 | 1 | _aKalil Filho, A.N. | |
| 100 | 1 | _aNeves, M.A.C. | |
| 100 | 1 | _aCosta, R.S. da | |
| 100 | 1 | _aKalil, G.P. da C. | |
| 245 | 1 | _aQualidade da borracha e teor de borracha seca (DRC)do latex de clones amazonicos de seringueira | |
| 650 | _aTecnologia | ||
| 650 | _aBorracha Hevea | ||
| 650 | _aQualidade | ||
| 650 | _aAmazonia | ||
| 773 | 0 |
_tRevista da Universidade do Amazonas. Serie Ciencias Agrarias (Brazil) _xISSN 0103-7463 _g(Jan-Dec 1995-1996), v. 4-5(1-2) p. 47-56 _wBR9803415 |
|
| 909 |
_a202311 _bLúcia _c55 _dLúcia Elande |
||
| 942 |
_2AGRIS _n0 _cANA |
||
| 999 |
_c158233 _d158233 |
||